Paris - Les hôtels particuliers occupés par des ministères - Statistiques

Statistiques générales
  • Ce quiz a été pris 65 fois
  • Le résultat moyen est 6 sur 12
Statistiques - réponses
Hôtel Ministère % Correct
de Beauvau Intérieur
91%
de Matignon Premier ministre
81%
de Bourvallais Justice
68%
de Villeroy Agriculture
63%
de Rochechouart Education nationale
60%
de Roquelaure Ecologie
56%
de Brienne Défense
54%
de Clermont Travail
54%
de Montmorin Outre-mer
33%
de Rothelin-Charolais Fonction publique
16%
du Châtelet Relations avec le Parlement
16%
de Castries Logement
14%
Aucun quiz correspondant
Distribution des résultats
% des personnes avec chaque résultat
Percentile par nombre de réponses
Votre historique - résultats
Vous n’avez pas pris ce quiz